01374nam a2200409 i 450000100060000000300090000600500170001500800390003201500170007102000150008802000150010304000280011804600090014608000080015508000100016308000120017310000290018524501270021426000590034130000400040033600270044033700540046733800280052138000160054938800140056538800140057949000170059350000400061050400280065065000250067865500420070365800280074570000320077371000450080583000160085085600980086644315KOSZ 00520221025110014.0980618s1998 pl a f |000 0 pol aPB 1998/7488 a8302068578 a8302068586 aWA NcWA NdKOSZ 005/HR k1998 a696 a628.6 a(075.3)1 aKrygier, KrystynaeAutor10aInstalacje sanitarne :bpodręcznik dla szkoły zasadniczej i technikum.nCz. 2 /cKrystyna Krygier, Stefan Cieślowski. aWarszawa :bWydawnictwa Szkolne i Pedagogiczne,c1998. a286, [1] s. :bfot., rys. ;c21 cm. 2rdacontentaTekstbtxt 2rdamediaaBez urządzenia pośredniczącegobn 2rdacarrieraWoluminbnc aKsiążki a1901-2000 a1989-20001 aTechnologia. aW cz. 1 odwrotna kolejność aut. aBibliogr. s. 286-[287]. 4aInstalacje sanitarne 4aPodręczniki dla szkół zawodowych aInżynieria i technika1 aCieślowski, StefaneAutor2 aWydawnictwa Szkolne i Pedagogiczne4pbl. 0aTechnologia uhttp://koha.tu.koszalin.pl/cgi-bin/koha/opac-detail.pl?biblionumber=44315yKatalog online BPK